Normal view
MARC view
- Alcoriza Luis
Entry Personal Name
001 - CONTROL NUMBER
- control field: 43642
003 - CONTROL NUMBER IDENTIFIER
- control field: IT-RoPau
005 - DATE AND TIME OF LATEST TRANSACTION
- control field: 20151127113527.0
008 - FIXED-LENGTH DATA ELEMENTS
- fixed length control field: 151127|| aca||aabn | a|a d
040 ## - CATALOGING SOURCE
- Original cataloging agency: IT-RoPau
- Transcribing agency: IT-RoPau
100 ## - HEADING--PERSONAL NAME
- Personal name: Alcoriza Luis
- Relator term: (soggetto)
- Miscellaneous information: Codice Soggetto SPICS: 32272
670 ## - SOURCE DATA FOUND
- Source citation: Work cat.: (IT-RoPau)105836: Bunuel Luis Codice regista SPICS: 8694 36748, ANGELO STERMINATORE (L') ANGELO STERMINATORE (L') (Rif. Codice opera principale : 48282)